<?xml version="1.0" encoding="UTF-8"?>
<marc:record xmlns:marc="http://www.loc.gov/MARC21/slim">
   <marc:leader>00000nam a2200000 a 4500</marc:leader>
   <marc:datafield ind1="1" ind2=" " tag="100">
      <marc:subfield code="a">Strunk, Heinz</marc:subfield>
      <marc:subfield code="4">aut</marc:subfield>
      <marc:subfield code="e">Verfasser/-in</marc:subfield>
   </marc:datafield>
   <marc:datafield ind1=" " ind2=" " tag="653">
      <marc:subfield code="a">Erzählende Literatur: Gegenwartsliteratur ab 1945</marc:subfield>
   </marc:datafield>
   <marc:datafield ind1="0" ind2="0" tag="245">
      <marc:subfield code="a">Ein Sommer in Niendorf</marc:subfield>
   </marc:datafield>
   <marc:datafield ind1="0" ind2="0" tag="245">
      <marc:subfield code="c">Strunk, Heinz</marc:subfield>
   </marc:datafield>
   <marc:datafield ind1=" " ind2="1" tag="264">
      <marc:subfield code="a">Hamburg</marc:subfield>
      <marc:subfield code="b">Rowohlt</marc:subfield>
      <marc:subfield code="c">2022</marc:subfield>
   </marc:datafield>
   <marc:datafield ind1=" " ind2=" " tag="250">
      <marc:subfield code="a">1. Auflage</marc:subfield>
   </marc:datafield>
   <marc:datafield ind1="1" ind2=" " tag="520">
      <marc:subfield code="a">Angaben aus der Verlagsmeldung &#xD;
&#xD;
 Ein Sommer in Niendorf  Strunk, Ein Sommer in Niendorf  / von Heinz Strunk&#xD;
&#xD;
&#xD;
            &#xD;
Das neue Buch von Heinz Strunk erzählt eine Art norddeutsches «Tod in Venedig», nur sind die Verlockungen weniger feiner Art als seinerzeit beim Kollegen aus Lübeck. Ein bürgerlicher Held, ein Jurist und Schriftsteller namens Roth, begibt sie für eine längere Auszeit nach Niendorf: Er will ein wichtiges Buch schreiben, eine Abrechnung mit seiner Familie. Am mit Bedacht gewählten Ort – im kleinbürgerlichen Ostseebad wird er seinesgleichen nicht so leicht über den Weg laufen – gerät er aber bald in die Fänge eines trotz seiner penetranten Banalität dämonischen Geists: ein Strandkorbverleiher, der Mann ist außerdem Besitzer des örtlichen Spirituosengeschäfts. Aus Befremden und Belästigtsein wird nach und nach Zufallsgemeinschaft und irgendwann Notwendigkeit. Als Dritte stößt die Freundin des Schnapshändlers hinzu, in jeder Hinsicht eine Nicht-Traumfrau – eigentlich. Und am Ende dieser Sommergeschichte ist Roth seiner alten Welt komplett abhanden gekommen, ist er ein ganz anderer …</marc:subfield>
   </marc:datafield>
   <marc:datafield ind1=" " ind2=" " tag="020">
      <marc:subfield code="a">9783498002923</marc:subfield>
      <marc:subfield code="9">9783498002923</marc:subfield>
   </marc:datafield>
   <marc:datafield ind1=" " ind2=" " tag="020">
      <marc:subfield code="a">3498002929</marc:subfield>
      <marc:subfield code="9">3498002929</marc:subfield>
   </marc:datafield>
   <marc:datafield ind1=" " ind2=" " tag="041">
      <marc:subfield code="a">ger</marc:subfield>
   </marc:datafield>
   <marc:datafield ind1=" " ind2=" " tag="338">
      <marc:subfield code="a">Band</marc:subfield>
   </marc:datafield>
   <marc:datafield ind1=" " ind2=" " tag="300">
      <marc:subfield code="a">240 Seiten</marc:subfield>
   </marc:datafield>
</marc:record>
